Dub svedok vekov

Bibliographic Details
Format: Article
Language:Slovak
PhysicalDescription:Fotogr.
ISSN:1335-5805
Subjects:

MARC

LEADER 00000nab a2200000 a 4500
001 vtls008413128
003 SK-MaSNL
005 20260303070217.0
008 051202 2005 xo m 000 0 slo
015 |a SNBRB2005/12 
038 |a KEKMK 
040 |a KEKMK  |b slo  |c KEKMK  |e AACR2 
041 0 |a slo 
044 |a xo  |c SK 
080 |a 582.632.2  |2 UDC-MRF-SK 
245 0 0 |a Dub  |b svedok vekov  |c [Sylvia Surovcová] 
300 |b Fotogr. 
650 0 7 |a duby  |2 kekmk  |9 366496 
773 0 |t Skaut Explorer  |g Roč.V, č.september 2005 , s.14-15  |x 1335-5805 
852 |a KEKMK  |b KIS3G 
999 |c 1754400  |d 1756330